| 000 | 02701nam a2200241 4500 | ||
|---|---|---|---|
| 005 | 20160913081413.0 | ||
| 008 | 160912s19942007ck a|||fr|||| 001 0 spa d | ||
| 040 |
_aCO-BoUCM _bspa _cSandra Yazo _dSandra Yazo |
||
| 041 | 0 | _aspa | |
| 082 | 0 | 4 |
_220 _a021 |
| 092 | _aE63N068 | ||
| 110 | 2 |
_aArchivo General de la Nación _bPublicación del laboratorio de restauración _979953 |
|
| 245 | 1 | 0 |
_aConTacto _cARchivo General de la Nación - Publicación del laboratorio de restauración |
| 260 |
_aBogotá (Colombia) _bArchivo General de la Nación _c1994 - 2007 |
||
| 300 |
_a6 volúmenes (20 ; 40 ; 24 ; 24; 28 ; 28 páginas) _c26 x 19 cm |
||
| 500 | _aDetalles físicos: Encuadernación flexible, en papel. Tapa portada. Texto en varias columnas. Varias ilustraciones entre el texto. Ejemplares en buen estado de conservación | ||
| 505 | 0 | _aNo.1 (septiembre de 1994): Editorial ; de nuestro origen ; El libro instrumento para el conocimiento ; Un reto las ciencias puras ; Factores deteriorantes ; Prevenir antes que curar ; Las estructuras de la memoria ; En apoyo ¿Sabias que …? – No. 4 y 5 (Octubre de 1996): Editorial ; Paradigmas conceptuales en conservación ; Municipios y gestión cultural ; Eliminación de factores dañinos en archivos ; La iluminación ; Los negativos fotográficos ; Noticias del proyecto ; En apoyo ¿Sabias que …? ; No. 7 (1997) Editorial ; Las marcas de agua una herramienta para la datación de soportes documentales ; La reproducción fotográfica. Alternativa para la preservación de acervos fotográficos ; Materiales regionales: Aporte a la estabilización de humedad ; El problema biológico en archivos de clima tropical ; El papel permanente: Una opción en conservación ; No.8: (1999): Editorial ; Ante todo prevenir ; La ciencia en la conservación ; Conocer para cuidar ; Lo ideal ; Varios ; No. 10 (2004): Editorial ; La conservación documental y el marco normativo ; El ministerio de Salud recomienda herramientas que constituyen a preservar el patrimonio documental ; La intervención y restauración en el Archivo General de la Nación Caso: Fondo caciques e indios ; No.11 (2007): Normas técnicas colombianas 5397 : 2005 ; Campaña Nacional contra el tráfico ilícito de Bienes culturales ; El programa de Gestión documental integral del ministerio de Minas y Energía ; Recuperación y conservación del Archivo Eclesiástico de Cogua - Cundinamarca ; Control integrado de plagas | |
| 506 | _aConsulta en sala | ||
| 610 | 2 |
_aArchivo General de la Nación _xPublicaciones periódicas _979954 |
|
| 650 | 7 |
_aArchivos _vPublicaciones periódicas _979955 |
|
| 690 |
_aBibliotecología _910049 |
||
| 942 |
_2LOCAL _cLIBRO _e1 _hE63N068 |
||
| 999 |
_c304620 _d304620 |
||